<?xml version="1.0" encoding="UTF-8"?><?xml-stylesheet type="text/xsl" href="static/style.xsl"?><OAI-PMH xmlns="http://www.openarchives.org/OAI/2.0/" xmlns:xsi="http://www.w3.org/2001/XMLSchema-instance" xsi:schemaLocation="http://www.openarchives.org/OAI/2.0/ http://www.openarchives.org/OAI/2.0/OAI-PMH.xsd"><responseDate>2026-04-18T05:26:20Z</responseDate><request verb="GetRecord" identifier="oai:riubu.ubu.es:10259/8464" metadataPrefix="marc">https://riubu.ubu.es/oai/request</request><GetRecord><record><header><identifier>oai:riubu.ubu.es:10259/8464</identifier><datestamp>2024-01-26T01:05:23Z</datestamp><setSpec>com_10259_7065</setSpec><setSpec>com_10259_5086</setSpec><setSpec>com_10259_2604</setSpec><setSpec>col_10259_8461</setSpec></header><metadata><record xmlns="http://www.loc.gov/MARC21/slim" xmlns:doc="http://www.lyncode.com/xoai" xmlns:xsi="http://www.w3.org/2001/XMLSchema-instance" xmlns:dcterms="http://purl.org/dc/terms/" xsi:schemaLocation="http://www.loc.gov/MARC21/slim http://www.loc.gov/standards/marcxml/schema/MARC21slim.xsd">
<leader>00925njm 22002777a 4500</leader>
<datafield tag="042" ind1=" " ind2=" ">
<subfield code="a">dc</subfield>
</datafield>
<datafield tag="720" ind1=" " ind2=" ">
<subfield code="a">García Sánchez, Elsa</subfield>
<subfield code="e">author</subfield>
</datafield>
<datafield tag="720" ind1=" " ind2=" ">
<subfield code="a">Pontes Velasco, Rafael</subfield>
<subfield code="e">author</subfield>
</datafield>
<datafield tag="260" ind1=" " ind2=" ">
<subfield code="c">2013-05</subfield>
</datafield>
<datafield tag="520" ind1=" " ind2=" ">
<subfield code="a">Dogos (2011), the second poetry book by Antonio Portela, is full of mysteries. Since the work trusts nothing to chance and the order of his factors alters the product, we should analyze it step by step, poem by poem. Indeed his proposal of a mystical allegory, which consists in a rising path towards a peak of poetic and vital self-knowledge, is not within reach of most people. Autonomous, independent and probably against the current poetic trends, Portela pays tribute both to his favorite classic poets and to David Bowie´s thirty-one songs, in order to ennoble his words and immortalize his idols in his verses.</subfield>
</datafield>
<datafield tag="520" ind1=" " ind2=" ">
<subfield code="a">Dogos (2011), el segundo libro de poesía de Antonio Portela, está lleno de misterios. En él nada está dejado al azar y el orden de los factores altera el producto, por lo que debemos analizarlo poema por poema, escalón por escalón. No en vano, su propuesta de ascensión mística se convierte en la alegoría de una cumbre de autoconocimiento poético y vital al alcance de pocos. Autónomo e independiente, posiblemente a contracorriente de las tendencias poéticas actuales, Portela homenajea a sus poetas clásicos favoritos y a David Bowie a través de treinta y un poemas equivalentes a otras tantas canciones del cantante británico, ennobleciendo así sus palabras y logrando que sus ídolos vivan en él.</subfield>
</datafield>
<datafield tag="024" ind2=" " ind1="8">
<subfield code="a">2254-4496</subfield>
</datafield>
<datafield tag="024" ind2=" " ind1="8">
<subfield code="a">http://hdl.handle.net/10259/8464</subfield>
</datafield>
<datafield ind1=" " ind2=" " tag="653">
<subfield code="a">Poetry</subfield>
</datafield>
<datafield ind1=" " ind2=" " tag="653">
<subfield code="a">Mysticism</subfield>
</datafield>
<datafield ind1=" " ind2=" " tag="653">
<subfield code="a">Allegory</subfield>
</datafield>
<datafield ind1=" " ind2=" " tag="653">
<subfield code="a">Antonio Portela</subfield>
</datafield>
<datafield ind1=" " ind2=" " tag="653">
<subfield code="a">David Bowie</subfield>
</datafield>
<datafield ind1=" " ind2=" " tag="653">
<subfield code="a">Poesía</subfield>
</datafield>
<datafield ind1=" " ind2=" " tag="653">
<subfield code="a">Misticismo</subfield>
</datafield>
<datafield ind1=" " ind2=" " tag="653">
<subfield code="a">Alegoría</subfield>
</datafield>
<datafield tag="245" ind1="0" ind2="0">
<subfield code="a">Dogos. El camino místico de Antonio Portela</subfield>
</datafield>
</record></metadata></record></GetRecord></OAI-PMH>